[Event "Tidlig Kort Paaske 1"]
[Site "Svendborg"]
[Date "2016.03.21"]
[Round "4"]
[White "Nielsen, Henning"]
[Black "Bronnum, Jan"]
[Result "0-1"]
[WhiteElo "2076"]
[BlackElo "2001"]
[PlyCount "62"]
[EventDate "2016.03.19"]
[EventType "swiss"]
[EventRounds "5"]
[EventCountry "DEN"]

1. e4 d5 2. exd5 Qxd5 3. d4 e5 4. Nf3 exd4 5. Qxd4 Qxd4 6. Nxd4 Bc5 7. Be3 Bd7
8. Nc3 Nc6 9. Nxc6 Bxe3 10. Ne5 Bd4 11. Nxd7 Bxc3+ 12. bxc3 Kxd7 13. O-O-O+ Kc6
14. Rd4 Nh6 15. Be2 Rad8 16. Rc4+ Kd7 17. g4 f6 18. h4 Nf7 19. Bd3 Nd6 20. Ra4
a6 21. Rd1 c5 22. c4 Kc7 23. Ra3 h5 24. g5 fxg5 25. hxg5 Rdf8 26. Re1 h4 27.
Re7+ Kd8 28. Rxg7 h3 29. Bf1 h2 30. Bg2 h1=Q+ 31. Bxh1 Rxh1+ 0-1

[Event "Tidlig Kort Paaske 1"]
[Site "Svendborg"]
[Date "2016.03.21"]
[Round "4"]
[White "Balslev, Uffe"]
[Black "Nielsen, Jorgen Holmstrom"]
[Result "1-0"]
[WhiteElo "1804"]
[BlackElo "1820"]
[PlyCount "89"]
[EventDate "2016.03.19"]
[EventType "swiss"]
[EventRounds "5"]
[EventCountry "DEN"]

1. e4 Nf6 2. Bc4 d5 3. exd5 Nxd5 4. d4 Nb6 5. Bd3 Nc6 6. Be3 g6 7. Nf3 Bg4 8.
c3 Qd5 9. Nbd2 Bxf3 10. Qxf3 Qxf3 11. Nxf3 Nd5 12. O-O-O Nxe3 13. fxe3 O-O-O
14. Ng5 Rd7 15. Nxf7 Rg8 16. Bc4 Rg7 17. Be6 Rxf7 18. Bxf7 Rd6 19. Rhf1 Bh6 20.
Rf3 Bg7 21. Rdf1 Nd8 22. Kd2 Bf6 23. Bb3 Nc6 24. Rg3 Nd8 25. Bg8 Be5 26. Rh3 h5
27. Kc2 Bg7 28. e4 e5 29. d5 c5 30. dxc6 Rxc6 31. Rd3 b6 32. Rfd1 Nb7 33. Bf7
Bh6 34. Rd7 Bg5 35. Be8 Rf6 36. Rf7 Rd6 37. Rg7 Rxd1 38. Kxd1 Nd6 39. Bxg6 Bf6
40. Rh7 h4 41. Rxa7 Nc4 42. Rf7 Bg5 43. Kc2 Ne3+ 44. Kb3 Nxg2 45. Bf5+ 1-0

[Event "Tidlig Kort Paaske 1"]
[Site "Svendborg"]
[Date "2016.03.21"]
[Round "5"]
[White "Lund, Gunnar"]
[Black "Nielsen, Thorkild Borup"]
[Result "1/2-1/2"]
[WhiteElo "1878"]
[BlackElo "2028"]
[PlyCount "139"]
[EventDate "2016.03.19"]
[EventType "swiss"]
[EventRounds "5"]
[EventCountry "DEN"]

1. b3 e5 2. Bb2 Nc6 3. e3 d5 4. Bb5 Bd6 5. f4 Qe7 6. Nf3 Bg4 7. h3 Bxf3 8. Qxf3
Nf6 9. O-O a6 10. Bxc6+ bxc6 11. Qg3 Nh5 12. Qf3 Nf6 13. Qg3 Nh5 14. Qg4 g6 15.
fxe5 Bxe5 16. Bxe5 Qxe5 17. Nc3 f5 18. Qd4 Qxd4 19. exd4 Kd7 20. g4 Ng7 21. Na4
Ne6 22. Nc5+ Nxc5 23. dxc5 Rhf8 24. gxf5 Rxf5 25. Rxf5 gxf5 26. Re1 Rf8 27. Kf2
Rg8 28. Kf3 Rg5 29. Re2 Rh5 30. Kg3 Rg5+ 31. Kf4 Rh5 32. Re3 Kd8 33. c3 Kd7 34.
d4 Kd8 35. Ke5 Ke7 36. Rf3 Kd7 37. b4 Kc8 38. a4 Kb8 39. a5 Kb7 40. Kf4 Kb8 41.
Rg3 Kb7 42. Re3 Kb8 43. Kg3 Rh6 44. Re8+ Ka7 45. Rf8 Rg6+ 46. Kf2 Rh6 47. Kg3
Rg6+ 48. Kh2 Kb7 49. Rxf5 Rh6 50. Kg3 Rg6+ 51. Kf3 Rh6 52. Kg4 Rg6+ 53. Kh4 Rg7
54. Rf3 Kb8 55. Rg3 Rf7 56. Re3 Rg7 57. Kh5 Kb7 58. Kh6 Rf7 59. h4 Rd7 60. h5
Kb8 61. Kg5 Rg7+ 62. Kh4 Kb7 63. h6 Rf7 64. Re5 Rf6 65. Kh5 Rf7 66. Rg5 Rf1 67.
Rg7 Rh1+ 68. Kg4 Rxh6 69. Rf7 Rh1 70. Kg5 1/2-1/2

[Event "Tidlig Kort Paaske 1"]
[Site "Svendborg"]
[Date "2016.03.21"]
[Round "5"]
[White "Jensen, Jakob"]
[Black "Nielsen, Aage Sondergaard"]
[Result "0-1"]
[WhiteElo "1863"]
[BlackElo "1938"]
[PlyCount "62"]
[EventDate "2016.03.19"]
[EventType "swiss"]
[EventRounds "5"]
[EventCountry "DEN"]

1. d4 e6 2. Nf3 f5 3. c4 Nf6 4. a3 c6 5. Qc2 d5 6. e3 Bd6 7. Nc3 O-O 8. Bd3 Ne4
9. O-O Nd7 10. Bd2 Rf6 11. cxd5 exd5 12. g3 Qe8 13. Rae1 Rh6 14. Kg2 Ndf6 15.
h4 Rg6 16. Ng5 h6 17. Ngxe4 fxe4 18. Be2 Bg4 19. Qd1 Qe6 20. Bxg4 Rxg4 21. Ne2
Nh5 22. Nf4 Bxf4 23. exf4 Rf8 24. Kh2 Nxf4 25. Bxf4 Rfxf4 26. f3 Rxh4+ 27. gxh4
Rxh4+ 28. Kg2 Qg6+ 29. Kf2 Rh2+ 30. Ke3 Qg5+ 31. f4 Qg3+ 0-1

[Event "Tidlig Kort Paaske 1"]
[Site "Svendborg"]
[Date "2016.03.21"]
[Round "5"]
[White "Olsen, Birger"]
[Black "Nielsen, Henning"]
[Result "1-0"]
[WhiteElo "1830"]
[BlackElo "2076"]
[PlyCount "53"]
[EventDate "2016.03.19"]
[EventType "swiss"]
[EventRounds "5"]
[EventCountry "DEN"]

1. d4 Nf6 2. c4 e6 3. Nc3 Bb4 4. Qc2 d5 5. e3 O-O 6. Nf3 Nc6 7. a3 Bxc3+ 8.
bxc3 Ne4 9. Bd3 f5 10. cxd5 exd5 11. c4 Be6 12. Rb1 Rb8 13. O-O Rf6 14. Bd2 Ne7
15. Bb4 c6 16. Ne5 dxc4 17. Bxe4 fxe4 18. Bxe7 Qxe7 19. Nxc6 Qd6 20. Nxb8 Rh6
21. g3 Bd5 22. Rb5 Qe6 23. Rxd5 Qxd5 24. Rc1 b5 25. a4 Rb6 26. axb5 Rxb5 27.
Na6 1-0

[Event "Tidlig Kort Paaske 1"]
[Site "Svendborg"]
[Date "2016.03.21"]
[Round "5"]
[White "Nielsen, Jorgen Holmstrom"]
[Black "Davidsen, Niels Chr"]
[Result "0-1"]
[WhiteElo "1820"]
[BlackElo "2004"]
[PlyCount "81"]
[EventDate "2016.03.19"]
[EventType "swiss"]
[EventRounds "5"]
[EventCountry "DEN"]

1. Nc3 Nf6 2. d4 d5 3. Bg5 e6 4. f3 Be7 5. e4 Nxe4 6. Bxe7 Nxc3 7. Bxd8 Nxd1 8.
Rxd1 Kxd8 9. Bd3 Nc6 10. c3 Bd7 11. f4 h6 12. Nf3 Ne7 13. O-O c6 14. b3 b5 15.
Ra1 Rb8 16. Rfb1 f6 17. a3 g5 18. fxg5 hxg5 19. g3 Kc7 20. Ra2 Be8 21. Re1 Kd7
22. Rae2 Bf7 23. Re3 Rbe8 24. Rf1 Bh5 25. Nd2 f5 26. c4 a6 27. cxb5 axb5 28. b4
Ra8 29. Ra1 Bg4 30. Bf1 Ng6 31. Nb3 f4 32. gxf4 gxf4 33. Rc3 Bf5 34. Rac1 Ne7
35. Nd2 Rag8+ 36. Bg2 Be4 37. Nf3 Kd6 38. Rf1 Rg7 39. Rf2 Rhg8 40. Ne1 Nf5 41.
Kf1 0-1

[Event "Tidlig Kort Paaske 1"]
[Site "Svendborg"]
[Date "2016.03.21"]
[Round "5"]
[White "Vestby Ellingsen, Mads"]
[Black "Bronnum, Jan"]
[Result "0-1"]
[WhiteElo "1947"]
[BlackElo "2001"]
[PlyCount "56"]
[EventDate "2016.03.19"]
[EventType "swiss"]
[EventRounds "5"]
[EventCountry "DEN"]

1. e4 d5 2. exd5 Qxd5 3. Nf3 Bg4 4. Be2 Nc6 5. d4 O-O-O 6. c4 Qh5 7. Be3 e5 8.
d5 Nf6 9. Nbd2 Nd4 10. Bxd4 exd4 11. O-O Bd6 12. g3 Rhe8 13. c5 Bxc5 14. Rc1
Bb6 15. Bb5 Re5 16. h3 Qxh3 17. Qc2 Rh5 18. Nh4 g5 19. Nc4 Bc5 20. Ne5 Rxd5 21.
Ba6 Rxe5 22. Bxb7+ Kxb7 23. Qb3+ Bb6 24. Rxc7+ Kxc7 25. Qxf7+ Nd7 26. b4 d3 27.
Rc1+ Kb7 28. Qg8 Qxg3+ 0-1

[Event "Tidlig Kort Paaske 1"]
[Site "Svendborg"]
[Date "2016.03.21"]
[Round "5"]
[White "Mott, Jens"]
[Black "Velarde, Andrew"]
[Result "1-0"]
[WhiteElo "1929"]
[BlackElo "1815"]
[PlyCount "73"]
[EventDate "2016.03.19"]
[EventType "swiss"]
[EventRounds "5"]
[EventCountry "DEN"]

1. e4 Nc6 2. d4 d5 3. e5 Bf5 4. c3 e6 5. Be3 Nge7 6. Nd2 Bg6 7. f4 Nf5 8. Bf2
h5 9. g3 Be7 10. Ngf3 Qd7 11. b4 a6 12. a4 Na7 13. Nb3 O-O 14. Bd3 b5 15. a5
Nc6 16. Qd2 Qd8 17. O-O-O Nh6 18. h3 Be4 19. Qe2 Bg6 20. Rdg1 f5 21. exf6 Rxf6
22. Ng5 Qd7 23. Re1 Re8 24. Bxg6 Rxg6 25. Qxh5 Rf6 26. Qd1 Bxb4 27. cxb4 Nxb4
28. Nc5 Qd6 29. Re2 Nc6 30. Qd2 b4 31. Nb3 Rb8 32. Qd3 Ne7 33. Qh7+ Kf8 34. Qc2
Rb5 35. Nh7+ Kf7 36. Nxf6 Kxf6 37. Rhe1 1-0